القاب الصحابه التابعين في المسندين الصحيحين الألقاب / (رقم التسجيلة. 27171)
[ عرض عادي ]
| 000 -LEADER | |
|---|---|
| fixed length control field | 00636nam a22001817a 4500 |
| 005 - DATE AND TIME OF LATEST TRANSACTION | |
| control field | 20251108165415.0 |
| 008 - FIXED-LENGTH DATA ELEMENTS--GENERAL INFORMATION | |
| fixed length control field | 250721s1994 xx 000 0 ara d |
| 082 14 - DEWEY DECIMAL CLASSIFICATION NUMBER | |
| Classification number | م/213.23403/جيا |
| 100 1# - MAIN ENTRY--PERSONAL NAME | |
| Personal name | الجياني، أبو علي الحسين بن محمد |
| 245 10 - TITLE STATEMENT | |
| Title | القاب الصحابه التابعين في المسندين الصحيحين الألقاب / |
| 264 1# - PRODUCTION, PUBLICATION, DISTRIBUTION, MANUFACTURE, AND COPYRIGHT NOTICE | |
| Place of production, publication, distribution, manufacture | القاهره : |
| Name of producer, publisher, distributor, manufacturer | دار الفضيله، |
| Date of production, publication, distribution, manufacture, or copyright notice | 1994. |
| 300 ## - PHYSICAL DESCRIPTION | |
| Extent | 159ص |
| 650 17 - SUBJECT ADDED ENTRY--TOPICAL TERM | |
| Topical term or geographic name as entry element | الإسلام |
| 650 17 - SUBJECT ADDED ENTRY--TOPICAL TERM | |
| Topical term or geographic name as entry element | الحديث الشريف |
| 700 1# - ADDED ENTRY--PERSONAL NAME | |
| Personal name | عزب، محمد زينهم محمد |
| Relator term | تحقيق |
| 942 ## - ADDED ENTRY ELEMENTS (KOHA) | |
| Source of classification or shelving scheme | Dewey Decimal Classification |
| Koha item type | مراجع |
| حالة السحب | حالة الفقدان | مصدر التصنيف | حالة التلف | غير قابل للإعارة | المكتبة الرئيسية | المكتبة الحالية | موقع الرف | تاريخ التزويد | الرقم المتسلسل | Total Checkouts | رقم الإستدعاء | الباركود | تاريخ آخر ظهور | تاريخ الفاتورة | نوع المادة (كوها) |
|---|---|---|---|---|---|---|---|---|---|---|---|---|---|---|---|
| Dewey Decimal Classification | Not For Loan | المكتبة المركزية | المكتبة المركزية | مراجع | 06/07/2004 | 206980 | م/213.23403/جيا | 206980 | 28/07/2025 | 06/07/2004 | مراجع | ||||
| Dewey Decimal Classification | المكتبة المركزية | المكتبة المركزية | مقتنيات قسم التزويد | 28/07/2025 | 1764216 | م/213.23403/جيا | 28/07/2025 | 28/07/2025 | مراجع | ||||||
| Dewey Decimal Classification | Not For Loan | مكتبة أبو علندا العامة | مكتبة أبو علندا العامة | مراجع | 07/10/2015 | ( 1023 ) | م/213.23403/جيا | PLD00353109 | 28/07/2025 | 07/10/2015 | مراجع | ||||
| Dewey Decimal Classification | مكتبة الأميرة سلمى | مكتبة الأميرة سلمى | الإعارة | 18/06/2015 | 1465097 | م/213.23403/جيا | PLD00332297 | 28/07/2025 | 18/06/2015 | مراجع | |||||
| Dewey Decimal Classification | Not For Loan | مكتبة صويلح العامة | مكتبة صويلح العامة | مراجع | 27/12/2015 | [13768 | م/213.23403/جيا | PLD00368061 | 28/07/2025 | 27/12/2015 | مراجع |